000 01270nam a2200313Ia 4500
001 ebr10130566
003 CaPaEBR
006 m u
007 cr cn|||||||||
008 050415s2005 enk es 000 0 eng d
020 _z9781846422393
020 _z1843103990 (pbk.)
040 _aCaPaEBR
_cCaPaEBR
035 _a(OCoLC)567810333
050 1 4 _aRC553.A88
_bC35 2005eb
082 0 4 _a362.1968
_222
100 1 _aCaldwell, Phoebe.
245 1 0 _aFinding you, finding me
_h[electronic resource] :
_busing intensive interaction to get in touch with people with severe learning disabilities combined with autistic spectrum disorder /
_cPhoebe Caldwell.
260 _aLondon :
_bJessica Kingsley,
_c2005.
300 _a174 p.
533 _aElectronic reproduction.
_bPalo Alto, Calif. :
_cebrary,
_d2009.
_nAvailable via World Wide Web.
_nAccess may be limited to ebrary affiliated libraries.
650 0 _aAutism.
650 0 _aBody language.
650 0 _aDevelopmentally disabled
_xMeans of communication.
650 0 _aInterpersonal communication.
655 7 _aElectronic books.
_2local
710 2 _aebrary, Inc.
856 4 0 _uhttp://site.ebrary.com/lib/rucke/Doc?id=10130566
_zAn electronic book accessible through the World Wide Web; click to view
999 _c77613
_d77613